| 000 | 00826nam a2200277 a 4500 | ||
|---|---|---|---|
| 001 | vtls001192536 | ||
| 003 | NLI | ||
| 005 | 20210603151049.0 | ||
| 008 | 120328s1948 enka 000 0 eng d | ||
| 039 | 9 |
_y201203281643 _zVLOAD |
|
| 040 |
_a NLI _b eng _c Entertech IMP - 2012 _e AACR2 |
||
| 041 | 0 | _aeng | |
| 044 | _aenk | ||
| 084 | _a131.D.169 | ||
| 100 | 1 |
_aWalker, R. C. _q(Ronald Claude), _d1896- _9626167 |
|
| 245 | 1 | 0 |
_aPhotoelectric cells in industry / _cR. C. Walker |
| 260 |
_aLondon : _bSir ISAAC Pitman, _c1948 |
||
| 300 |
_ax, 517 p. : _bill. ; _c23 cm. |
||
| 650 | 0 |
_aPhotoelectric cells _938646 |
|
| 650 | 0 |
_aElectronic apparatus and appliances _92690 |
|
| 887 | _a | ||
| 901 |
_a289852 : _b29.03.1951 |
||
| 902 | _a131.D.169 | ||
| 942 |
_2ddc _cBKS |
||
| 949 |
_AVIRTUAITEM _D10000 _X100 _6IMP000289852ENG |
||
| 999 |
_c463541 _d463541 |
||